000 01496nam a2200313 a 4500
001 000027319
003 OSt
005 20250219104747.0
008 110331s1953 dr a r 000 0 spa d
040 _aDO-SdBNP
_bspa
_cBNPHU
082 _a923.9
_bC719T, 1953
100 1 _aTejera, Emiliano,
_d1841-1923
_924003
245 1 4 _aLos restos de Colón en Santo Domingo ;
_bLos dos restos de Cristóbal Colón /
_cEmiliano Tejera ; preparada por Fray Cipriano de Utrera por encargo del Comité Ejecutivo Permanente del Faro de Colón ; prólogo Federico Henríquez i Carvajal.
250 _a4a. ed.
260 _aCiudad Trujillo, República Dominicana :
_bPublicaciones del Comité Ejecutivo Permanente del Faro de Colón :
_bMontalvo,
_c1953.
300 _axvi, 354 p. :
_bil. ;
_c24 cm.
500 _aIncluye índie analítico e índice de materias.
502 _aPublicado con: Los restos de Cristóbal Colón.
563 _aDos obras publicadas juntas con paginación continua.
590 _aInventariado, 2020 / DG
600 0 _aCOLÓN, CRISTOBAL,
_d1436-1456
_919795
650 4 _aRepública dominicana
_xHistoria
_9416
700 1 2 _aTejera, D. Emilio,
_d1841-1923
_tLos dos restos de Cristóbal Colón
_946472
700 1 2 _aHenríquez i Carvajal, Federico,
_d1848-1952
_epról.
_97792
700 1 2 _aCipriano,
_d1886-1958
_c de Utrera, fray,
_950420
710 1 2 _aComité Ejecutivo Permanente del Faro de Colón
_945112
910 _aValidado. Control de calidad. MMOLINA
942 _2ddc
_cLBS1
999 _c26811
_d26811